Vista normal
Vista MARC
Entrada Topical Term
Número de registros utilizados en: 1
001 - CONTROL NUMBER
- control field: 44456
003 - CONTROL NUMBER IDENTIFIER
- control field: OSt
005 - DATE AND TIME OF LATEST TRANSACTION
- control field: 20251201121347.0
008 - FIXED-LENGTH DATA ELEMENTS
- fixed length control field: 251201|| aca||aabn | a|a d
040 ## - CATALOGING SOURCE
- Original cataloging agency: OSt
- Transcribing agency: OSt
150 ## - HEADING--TOPICAL TERM
- Topical term or geographic name entry element: Prescripción
- Form subdivision: Delitos de omisión
- Geographic subdivision: Argentina
670 ## - SOURCE DATA FOUND
- Source citation: Work cat.: (OSt)31121: Sproviero, Juan Horacio, autor 44454, Prescripción de la acción y de la pena :